00551nam a2200181 a 45000010010000000030011000100080041000210350026000620820014000881000020001022450044001222600052001666500014002189420012002329520090002449980020003349990015003540000-8704ELIB.Books110520 1966  a(ELIB.Books)0000-8850 a251 bAus aAustin, William aThe Zondervan Pastor's Annual for 1967. bGrand Rapids: Zondervan Publishing House c1966 aPreaching 2ddccBK 00102ddc4070aKBTSbKBTSd2011-05-20l0p6780r2022-01-22 00:00:00w2022-01-22yBK cbate2011-05-20 c8704d8704